| 000 | 00813nam a2200217 i 4500 | ||
|---|---|---|---|
| 001 | 22641 | ||
| 003 | ES-MaACL | ||
| 005 | 20230906152731.0 | ||
| 007 | t| | ||
| 008 | 021204s1949 sp ||||1| spa d | ||
| 100 | 1 |
_aAltaner, Berthold. _920519 |
|
| 245 | 1 | 0 |
_aPatrología / _cobra compuesta en alemán por Berthold Altaner ; ofrecida a los lectores de habla española por los Padres Eusebio Cuevas y Ursicino Domínguez. |
| 250 | _a[2ª ed.]. | ||
| 260 |
_aMadrid : _bEspasa-Calpe, _c1949. |
||
| 300 |
_aXVIII, 667, 64 p. ; _c23 cm. |
||
| 505 | 8 | _aContiene apéndice: Patrología española / por los Padres Eusebio Cuevas y Ursino Domínguez | |
| 650 |
_aPatrística. _915895 |
||
| 700 | 1 |
_aCuevas, Eusebio. _942096 |
|
| 700 | 0 |
_aDomínguez del Val, Ursicino. _945205 |
|
| 852 |
_aES-MaACL _jD-6676 _bR.29561 |
||
| 999 |
_c22641 _d22641 |
||